000 00657nam a22001817a 4500
003 NUST-PNEC
005 20170116180704.0
008 140917b xxu||||| |||| 00| 0 eng d
040 _cPNEC
082 _a519.5 MOO
100 _9299
_aMoore, David S.
245 _aIntroduction to the practice of statistics
_cDavid S. Moore
260 _aNew York
_bW.H. Freeman and Company
_cc1996.
300 _axii, (various paging)
_bill. :
_c26 cm.
500 _aIncludes Index http://www.amazon.com/Introduction-Practice-Statistics-George-McCabe/dp/071676282X/ref=sr_1_1?s=books&ie=UTF8&qid=undefined&sr=1-1&keywords=071676282x
650 _xMIS, ME
942 _2ddc
_cBK
999 _c60664
_d60664